| 000 | 00581nam a2200181 4500 | ||
|---|---|---|---|
| 001 | 110375 | ||
| 003 | ES-MaACL | ||
| 005 | 20250822190538.0 | ||
| 007 | t| | ||
| 008 | 061121s1906 mx r ||||1| spa d | ||
| 100 | 1 |
_aMolina Enríquez, Andrés. _981929 |
|
| 245 | 1 | 3 |
_aLa reforma y Juarez _b: estudio histórico-sociológico / _cpor el licenciado Andrés Molina Enriquez. |
| 260 |
_aMéxico : _b[s. n.], _c1906. |
||
| 600 | 1 | 4 |
_aJuárez, Benito, _d1806-1872 _967156 |
| 651 | 4 |
_aMéxico- _xHistoria- _z1821-1861. _99064 |
|
| 852 |
_aES-MaACL _j1564-F-14 |
||
| 999 |
_c110375 _d110375 |
||